00708nam a2200181 i 4500001000400000100002300004245009500027260006500122650003900187651004300226651005200269700003500321020001500356040000800371041000800379008004100387856009800428bgj1 aLEVINE, Herbert M.10aThe Conduct of American Foreign Policy Debated /cHerbert M. Levine and Jean Edward Smith. aNew York [etc.] :bMcGraw-Hill Publishing Company,cc. 1990. 9aTreaty-making powerzUnited States 9aUnited StatesxForeign relationsy1945 9aUnited StatesxForeign relations administration1 aSMITH, Jean Edward.eco-author a0070374899 cBPK0 aeng s uk f |000 0 eng  uhttp://koha.tu.koszalin.pl/cgi-bin/koha/opac-detail.pl?biblionumber=47682yKatalog online BPK